00525nam a2200193 i 4500001000300000100002700003245005400030260004000084300003600124650003000160650002500190020001500215020001800230040000800248041000800256080001600264080001000280008004100290bg1 aWELLS, J. C.d(1939- )10aLongman pronunciation dictionary /cJ.nC. Wells. aHarlow :bPearson Education,c2005. aXXVI, 869 s. :bwykr. ;c21 cm. 9aJęzyk angielskixwymowa 9aSłowniki angielskie a0582364671 a9780582364677 cBPK0 aeng a811.111'355 a(038) s pl f |000 0 pol